Večerné modlitby s objatím

Bibliographic Details
Main Author: Elkins, Stephen (Author)
Other Authors: Zeglin, Ruth (Illustrator), Simo Pelzlová, Eva (Translator)
Format: Book
Language:Slovak
English
PhysicalDescription:167 s. fareb. ilustr. 21 cm
Published: [Bratislava] Christian Project Support 2016
ISBN:9788089793099
Subjects:

MARC

LEADER 00000cam a2200000 a 4500
001 vtls011595274
003 SK-MaSNL
005 20260302052505.0
008 240318s2016 xo af a 000 0 slo
015 |a SNBA2017/02 
020 |a 9788089793099  |q (viaz.) 
035 |a urn:nbn:sk:snk-am00cx77 
035 |a urn:nbn:sk:snk-am3hmhn 
035 |a 6B2B45FD-C78A-4C76-95E0-D7B0BDA6C2CE 
040 |a SNK  |b slo  |c SNK  |e AACR2 
041 1 |a slo  |h eng 
044 |a xo  |c SK 
072 7 |a 27-5  |x Liturgia. Kresťanské umenie a symbolika. Duchovný život  |2 konspekt 
072 7 |a 0/9-053.2  |x Literatúra pre deti a mládež (náučná)  |2 konspekt 
080 |a 27-534.35  |2 2011 
080 |a (0:82-97)  |2 2011 
080 |a (0.05)  |2 2011 
100 1 |a Elkins, Stephen  |4 aut  |9 357639 
240 1 0 |a Bedtime Prayers That End With a Hug!  |l Slovensky 
245 1 0 |a Večerné modlitby s objatím  |c napísal Stephen Elkins ; ilustrovala Ruth Zeglin ; [preklad Eva Pelzlová] 
260 |a [Bratislava]  |b Christian Project Support  |c 2016 
300 |a 167 s.  |b fareb. ilustr.  |c 21 cm 
500 |a Miesto vyd. podľa ISBN 
650 0 7 |a kresťanské modlitby  |2 SNKPH  |9 2006 
650 0 7 |a Christian prayers  |2 SNKPHeng  |9 267714 
655 7 |a modlitby  |2 SNKPH  |9 70550 
655 7 |a publikácie pre deti  |2 SNKPH  |9 70148 
655 7 |a Prayers  |2 SNKPHeng  |9 291214 
655 7 |a Children's literature  |2 SNKPHeng  |9 276039 
700 1 |a Zeglin, Ruth  |4 ill  |9 357640 
700 1 |a Simo Pelzlová, Eva  |4 trl  |9 233005 
852 |a Štátna vedecká knižnica v Banskej Bystrici 
919 |a 978-80-89793-09-9 
958 |a NT 
958 |a DB 
958 |a OP 
968 |b ENG 
999 |c 1105369  |d 1107299 
952 |a SNK  |b SNK  |y PREZ  |7 0  |p 17A1252884  |o snkSC 173092  |i snk2017/3751  |8 0  |0 0  |1 0  |4 0  |d 2017-02-09  |f 1  |l 0  |r 2025-09-11 00:00:00  |w 2026-02-24 
952 |a SNK  |b SNK  |y VYP  |7 0  |p 17A1252885  |o snkSC 173092 D1  |i snk2017/3752  |8 0  |0 0  |1 0  |4 0  |d 2017-02-09  |l 0  |r 2026-02-24 17:43:45  |w 2026-02-24